000 00858nam0a22002411 4500
001 rc\878586
005 20250622025829.0
035 _a(NLR Aleph) 006056315
090 _a4860733
_c4860733
100 _a20041129d1983 |||y0rusy50 ca
101 0 _arus
102 _aRU
105 _ay |||||||||
200 1 _aБорьба крепостных рабочих России в первой половине XIX века
_eУчеб. пособие
210 _aЯрославль
_cЯросл. гос. ун-т
_d1983
215 _a81 с.
_d20
300 _aВ надзаг.: М-во высш. и сред. спец. образования РСФСР, Яросл. гос. ун-т
700 1 _aЮрчук
_bК.И.
_gКлара Ивановна
801 0 _aRU
_bNLR
_gpsbo
801 1 _aRU
_bELAR
_2rusmarc
852 _aNLR
_j84-4/22837
942 _cBOOK
980 _aNB